Democracy in muslim societies (Record no. 6865)

MARC details
000 -LEADER
fixed length control field 00918 a2200229 4500
005 - DATE AND TIME OF LATEST TRANSACTION
control field 20080911162954.0
008 - FIXED-LENGTH DATA ELEMENTS--GENERAL INFORMATION
fixed length control field 080911t xxu||||| |||| 00| 0 eng d
010 ## - LIBRARY OF CONGRESS CONTROL NUMBER
LC control number ENG-87722
020 ## - INTERNATIONAL STANDARD BOOK NUMBER
Terms of availability 550.00
International Standard Book Number 0761935667
035 ## - SYSTEM CONTROL NUMBER
System control number EN-71255
037 ## - SOURCE OF ACQUISITION
Source of stock number/acquisition D.B.Act / Pub
082 ## - DEWEY DECIMAL CLASSIFICATION NUMBER
Classification number 320.91767
245 ## - TITLE STATEMENT
Title Democracy in muslim societies
Statement of responsibility, etc edited by Zoya Hasan
Remainder of title the Asian experience
260 ## - PUBLICATION, DISTRIBUTION, ETC. (IMPRINT)
Place of publication, distribution, etc New Delhi
Name of publisher, distributor, etc Sage Publications
Date of publication, distribution, etc 2007
270 ## - ADDRESS
Address B1/11, Mohan Cooperative Industrial Area, Mathura Road
City New Delhi
Postal code 110044
300 ## - PHYSICAL DESCRIPTION
Extent 266 p.
Dimensions 22 cm. (Hb).
490 ## - SERIES STATEMENT
Series statement ORF studies in contemporary Muslim Societies; V.4
500 ## - GENERAL NOTE
General note Includes index
700 ## - ADDED ENTRY--PERSONAL NAME
Personal name Zoya Hasan
942 ## - ADDED ENTRY ELEMENTS (KOHA)
Institution code [OBSOLETE] dpl
Koha item type English Books
Call number prefix 320.91767 / DEM
Source of classification or shelving scheme Dewey Decimal Classification
Classification part 320.91767
Call number suffix DEM
Holdings
Withdrawn status Lost status Damaged status Not for loan Collection code Home library Current library Date acquired Cost, normal purchase price Total Checkouts Full call number Barcode Date last seen Copy number Uniform Resource Identifier Cost, replacement price Price effective from Koha item type
      Not For Loan Non-fiction D.B.Act.Division D.B.Act.Division 11/09/2008 550.00   320.91767 DEM EN-71255 15/09/2008 1 7370 550.00 15/09/2008 English Books

© Delhi Public Library
Hit Counter
free hit counter